banner koha

Divisão do Brasil segundo as microrregiões homogêneas / (Registro n. 57708)

MARC details
000 -LÍDER
Campo de controle fixo 00708nam a22002417a 4500
001 - NÚMERO DE CONTROLE
Número de controle BR6002513
003 - CÓDIGO MARC DA AGÊNCIA CATALOGADORA
Campo de controle BR-BrBNA
005 - DATA E HORA DA ÚLTIMA ATUALIZAÇÃO
Campo de controle 20240527170026.0
008 - CAMPO DE TAMANHO FIXO
Campo fixo de controle 230509b bl.||||| |||| 00| 0 por d
040 ## - FONTE DA CATALOGAÇÃO
Agência catalogadora BR-BrBNA
Idioma da catalogação por
041 ## - CÓDIGO DO IDIOMA
Código do Idioma (Por)
072 ## - CATEGORIA AGRIS
Código da categoria de assunto/objeto <a href="B10">B10</a>
090 ## - NÚMERO DE CHAMADA
Localização na estante B10
Código BR BR6002513
110 1# - ENTRADA PRINCIPAL - ENTIDADE
Nome da entidade ou lugar Ministerio da Agricultura, Brasilia, DF (Brasil). Escritorio Central de Planejamento e Controle
9 (RLIN) 6800
245 1# - TÍTULO PRINCIPAL
Título principal Divisão do Brasil segundo as microrregiões homogêneas /
260 3# - IMPRENTA (PUBLICAÇÃO, DISTRIBUIÇÃO, ETC.)
Lugar de publicação, distribuição, etc. Brasilia, DF (Brasil):
Data de publicação, distribuição, etc 1969.
300 ## - DESCRIÇÃO FÍSICA
Extensão vp.
650 ## - ASSUNTO - THESAGRO
Cabeçalho tópico ou nome geográfico Geografia
650 ## - ASSUNTO - THESAGRO
Cabeçalho tópico ou nome geográfico Regiao Fisiografica
909 ## - IDENTIFICAÇÃO DO CATALOGADOR
Ano e mês da catalogação (aaaamm) 05/2024
Identificação do catalogador SARAH
942 ## - TIPO ESPECÍFICO
Tipo de material Livros
952 ## - LOCATION AND ITEM INFORMATION (KOHA)
-- 2023-09-25
-- 2023-09-25
-- Portaria Interministerial nº 164/94
Exemplares
Status de empréstimo Fonte de classificação Status de danificação Não pode ser emprestado Código da coleção Localização permanente Localização atual Localização na estante Total Checkouts Número de chamada Código de barras Número de exemplar Tipo de material Perdido
  Classificação AGRIS     Agrobase Biblioteca Nacional de Agricultura - Binagri Biblioteca Nacional de Agricultura - Binagri Agrobase - Acervo Geral   B10 BR6002513 2024-1849 01 Livros  

BINAGRI

Telefone: (61)3218-2567/2388/3357/2097 - binagri@agro.gov.br

Ministério da Agricultura e Pecuária , Esplanada dos Ministérios, Bloco D, Anexo B, Brasília/DF, CEP: 70.043-900